Szczegóły MARC21

Zarys dziejów religii : praca zbiorowa /

003 -Nazwa inst., której nr kontr. jest w polu 001 [,]
    • @
    • Nazwa instytucji, której n kontrolny jest w polu 001
    • NUKAT
005 -DATA I CZAS OSTATNIEJ MODYFIKACJI [,]
    • @
    • pole kontrolne
    • 20241231095618.0
020 -Międzynarod. znormalizowany nr książki - ISBN [ , ]
    • a
    • Numer ISBN
    • 8320710693 Find
040 -Instytucja sporządzająca opis [ , ]
    • a
    • Instytucja, która sporządziła opis (NP)
    • KR 197/KH
    • b
    • Język katalogowania
    • pol
    • e
    • Zasady katalogowania
    • rda
    • c
    • Instytucja, która sporządziła rekord (NP)
    • KR 197/KH
    • d
    • Instytucja, która zmodyfikowała rekord (P)
    • KR 197/RA
    • d
    • Instytucja, która zmodyfikowała rekord (P)
    • KR 197/RRs
    • d
    • Instytucja, która zmodyfikowała rekord (P)
    • KR 197/RA
    • d
    • Instytucja, która zmodyfikowała rekord (P)
    • WR O/KPK
    • d
    • Instytucja, która zmodyfikowała rekord (P)
    • GL 001/FMM
942 -Rodzaj dokumentu [ , ]
    • c
    • Rodzaj dokumentu
    • Książka
245 -Strefa tytułu i oznaczenia odpowiedzialności [0,0]
    • a
    • Tytuł
    • Zarys dziejów religii : Find
    • b
    • Ciąg dalszy tytułu (NP)
    • praca zbiorowa / Find
    • c
    • Pozostałe elementy strefy tytułu i oznaczenia odpowiedzialności (NP)
    • pod redakcją Komitetu: Józef Keller, Wiesław Kotański, Witold Tyloch, Bogdan Kupis ; autorzy Józef Bielawski [i 21 pozostałych].
250 -Strefa wydania [ , ]
    • a
    • Oznaczenie wydania (NP)
    • Wydanie VI.
260 -Strefa adresu wydawniczego [ , ]
    • a
    • Miejsce wydania (P)
    • Warszawa :
    • b
    • Nazwa wydawcy (P)
    • Iskry,
    • c
    • Data wydania (P)
    • 1988.
300 -Strefa opisu fizycznego [ , ]
    • a
    • Określenie formy książki i/lub objętość (NP)
    • 814, [2] strony, [72] strony tablic :
    • b
    • Oznaczenie ilustracji (NP)
    • ilustracje kolorowe ;
    • c
    • Format (NP)
    • 25 cm.
336 -Typ zawartości [ , ]
    • a
    • Termin opisujący typ zawartości
    • Tekst
    • b
    • Kod określający zawartość
    • txt
    • 2
    • Źródło (terminu i kodu)
    • rdacontent
337 -Typ mediów [ , ]
    • a
    • Tryb odtwarzania
    • Bez urządzenia pośredniczącego
    • b
    • Kod typu mediów
    • n
    • 2
    • Źródło (terminu i kodu)
    • rdamedia
338 -Typ/rodzaj nośnika [ , ]
    • a
    • Hasło opisujące typ nośnika
    • Wolumin
    • b
    • Kod typu nośnika
    • nc
    • 2
    • Źródło (terminu i kodu)
    • rdacarrier
504 -Uwaga dot. bibliogr. załącznikowej [ , ]
    • a
    • Uwaga dot. bibliografii załącznikowej
    • Bibliografia na stronach 800-802. Indeks.
080 -Uniwersalna Klasyfikacja Dziesiętna [ , ]
    • 2
    • Identyfikator wydania tablic
    • UDC-P058
    • a
    • Symbol klasyfikacji
    • 2
    • b
    • Dopowiedzenie
    • Religa. Teologia.
    • x
    • Poddział wspólny
    • (091)
    • b
    • Dopowiedzenie
    • (Opracowania historyczne).
080 -Uniwersalna Klasyfikacja Dziesiętna [ , ]
    • 2
    • Identyfikator wydania tablic
    • UDC-P058
    • a
    • Symbol klasyfikacji
    • 2-1
    • b
    • Dopowiedzenie
    • Filozofia i teoria religii. Religioznawstwo. Teizm. Deizm. Ateizm. Panteizm. Animizm. Totemizm. Antropomorfizm. Stworzenie świata.
650 -Hasło przedmiotowe [ ,7]
    • a
    • Hasło przedmiotowe
    • Religie
    • x
    • Określnik rzeczowy
    • historia.
    • 2
    • Źródło terminu
    • kaba
    • 9
    • KHW
    • 127740
980 -Symbol UKD [ , ]
    • a
    • UKD
    • 2(091):2-1
700 -Hasło dodatkowe - nazwa osobowa [1, ]
    • a
    • Nazwa osobowa (NP)
    • Bielawski, Józef Find
    • d
    • Daty biograficzne (NP)
    • (1910-1997).
    • e
    • Określenie rodzaju współpracy
    • Autor
    • 9
    • KHW
    • 39078
700 -Hasło dodatkowe - nazwa osobowa [1, ]
    • a
    • Nazwa osobowa (NP)
    • Keller, Józef Find
    • d
    • Daty biograficzne (NP)
    • (1911-2002).
    • e
    • Określenie rodzaju współpracy
    • Redakcja
    • 9
    • KHW
    • 18064
700 -Hasło dodatkowe - nazwa osobowa [1, ]
    • a
    • Nazwa osobowa (NP)
    • Kotański, Wiesław Find
    • d
    • Daty biograficzne (NP)
    • (1915-2005).
    • e
    • Określenie rodzaju współpracy
    • Redakcja
    • 9
    • KHW
    • 91159
700 -Hasło dodatkowe - nazwa osobowa [1, ]
    • a
    • Nazwa osobowa (NP)
    • Tyloch, Witold Find
    • d
    • Daty biograficzne (NP)
    • (1927-1990).
    • e
    • Określenie rodzaju współpracy
    • Redakcja
    • 9
    • KHW
    • 21589
700 -Hasło dodatkowe - nazwa osobowa [1, ]
    • a
    • Nazwa osobowa (NP)
    • Kupis, Bogdan. Find
    • e
    • Określenie rodzaju współpracy
    • Redakcja
    • 9
    • KHW
    • 98482
710 -Hasło dodatkowe - nazwa ciała zbiorowego [2, ]
    • a
    • Nazwa ciała zbiorowego lub nazwa geograficzna jako pierwszy element (NP)
    • Państwowe Wydawnictwo "Iskry" (Warszawa).
    • e
    • Rodzaj współpracy
    • Wydawca
    • 4
    • Kod relacji
    • pbl
    • 9
    • KHW
    • 53684
920 -ISBN [ , ]
    • a
    • ISBN
    • 83-207-1069-3 Find
Numer inwentarzowy Uwagi nie widoczne w OPAC Lokalizacja Data inwentaryzacji Sygnatura Status udost.
Z.70479retrokonwersjaBG egz. arch.1
W.151960retrokonwersjaBG W.151960-3
W.151961retrokonwersjaBG W.151960-3
W.151962retrokonwersjaBG W.151960-3
P.7561retrokonwersjaBM  1
F.19958retrokonwersjaBNS  1
SA.3424retrokonwersjaBSA SA.34241